000 00633nam a2200241Ia 4500
003 OSt
005 20220924132807.0
006 a|||||r|||| 00| 0
007 ta
008 220923b |||||||| |||| 00| 0 tam d
024 _a250782
037 _cTextual
040 _aARTS
_cARTS
_btam
041 _2tam
_atam
082 _aY73(P31):1, 31J6
100 _aKanakasabhai
_9205047
245 0 _aAyiraththennuru andugatkaku murpatta themizhagam
260 _c1956
650 _a TAMIL LITERATURE
650 _aSOCIOLOGY
942 _hY73(P31):1, 31J6
_cTEXL
_2CC
999 _c431608
_d431608